000 00792nam a22002177a 4500
003 UA-OsUOA
001 68203
007 ta
008 20100409b un ||||| |||| 00| 0 ukr d
100 _aАлєксєєва Л.
090 _a81
_bА49
942 _cSA
040 _aUA-OsUOA
_bukr
_cUA-OsUOA
_dUA-OsUOA
245 _aРобота над художньо-виражальними можливостями слова на уроках укранської мови та літератури
300 _aС.14-17
955 _a0
041 _aukr
080 _a81
773 0 _w68202
_tУкраїнська мова і література в школі
_dК.
_d2010
_g1
650 7 _a8 Мовознавство. Художня література. Літературознавство
_2UDC
999 _c354364
_d354364